Quiz o Śmiglu - Statystyki

Ogólne statystyki
  • Ten quiz został rozwiązany 12 razy
  • Średni wynik to 5 z 12
Statystyki odpowiedzi
Wskazówka Odpowiedź % Poprawnych
Burmistrz miasta Małgorzata Adamczak
100%
Kod pocztowy 64-030
50%
Wieś niedaleko Śmigla, znana z niegdyś bardzo ruchliwego skrzyżowania Czacz
50%
Tablice rejestracyjne PKS
50%
Klub piłkarski z miasta Pogoń 1929 Śmigiel
50%
Droga ekspresowa przebiegająca przez miasto S5
50%
Rzeka nieopodal Samica
50%
Czego było 100 w Śmiglu według legendy? Wiatraki
50%
Rok nadania praw miejskich 1400
0%
Rok z którego pochodzi gazownia miejska 1902
0%
Niemiecka nazwa miasta Schmiegel
0%
Kolej w Śmiglu {Śmigielska} Kolej {Dojazdowa}
0%
Nie znaleziono quizów pasujących do podanych kryteriów
Rozkład punktacji
Procent ludzi z każdym wynikiem
Percentyl według liczby udzielonych odpowiedzi
Twoja historia wyników
Nie rozwiązałeś tego quizu